000 00776cab a2200241 4500
001 WB3411-44
008 090401t1998 xxu||||| |||| 00| 0 eng d
035 _a(Sirsi) u85093
041 _aeng
245 _aWayleave payments
260 _c1998
350 _a0
490 _aEstates and Wayleaves Committee Press Release
_v18 March 1998 (4)
520 _aDetails of new wayleave payment rates. The payments are to compensate land occupiers for interference caused by the electricity apparatus of the electricity companies in England and Wales.
650 _aCOMPENSATION
650 _aELECTRICITY COMPANIES
650 _aELECTRICITY WAYLEAVES
650 _aWAYLEAVE PAYMENTS
650 _aWAYLEAVE RATES
690 _aLAND
942 _n0
948 _c19/03/1998
999 _c53503
_d53503